ECW World Champions Quiz - Statistics

General Stats
  • This quiz has been taken 286 times
  • The average score is 21 of 32
Answer Stats
Wrestler % Correct
Rob Van Dam
92%
Tommy Dreamer
91%
The Sandman
90%
Sabu
89%
CM Punk
87%
Bobby Lashley
86%
Big Show
85%
Taz
82%
Christian
81%
Kane
80%
Raven
80%
Chavo Guerrero Jr.
74%
Ezekial Jackson
74%
Rhino
73%
Vince McMahon
73%
Matt Hardy
71%
Mark Henry
69%
Jack Swagger
66%
Mike Awesome
66%
Terry Funk
66%
Shane Douglas
65%
John Morrison
62%
Justin Credible
55%
Bam Bam Bigelow
54%
Jimmy Snuka
49%
Mikey Whipwreck
49%
Masato Tanaka
47%
Steve Corino
40%
Don Muraco
39%
Jerry Lynn
39%
Tito Santana
32%
Johnny Hotbody
27%
No matching quizzes found
Score Distribution
Percent of People with Each Score
Percentile by Number Answered
Your Score History
You have not taken this quiz